000 01072cam a22003257a 4500
003 CHAP
005 20220329134338.0
008 971013s1925 r 00010 d
010 _a19093
011 _a20065
035 _a24153
040 _cCHAP
082 _a632.016
_bA5
100 0 0 _aAllen, Jessie M.
_ecomp.
_94397
245 0 _aAuthor and subject index to the publications on plant pathology issued
260 _aWashington, USDA :
_bLibrary,
_c1925
300 _a158 p
490 0 _aBibliographical contributions
_v; 8
590 _aBATCH-UPD
_b10
_c20130110
_lUCH01
_h0314
590 _aBATCH-UPD
_b10
_c20130110
_lUCH01
_h2131
590 _aBATCH-UPD
_b10
_c20130409
_lUCH01
_h2346
590 _aBATCH-UPD
_b10
_c20130914
_lUCH01
_h0615
590 _aCONVERSION
_b10
_c20130109
_lUCH01
_h1312
650 1 4 _aFitopatología
_xBibliografía.
_941162
710 0 _aE.U.A. Department of Agriculture.
_934876
830 0 _aBibliographical contributions
_v; 8
_912215
901 _aBK
942 _cLIBRO
949 _a632.016 A5
_bBC
_cLIBRO
_d-55802
_eLIBRO
_h22468
_i24153
_si
999 _c19093
_d19093